| Tag |
First Indicator |
Second Indicator |
Subfields |
| LEADER |
00000cam a2200000 a 4500 |
| 001 |
in00005659065 |
| 006 |
m o d |
| 007 |
cr cn|---aucaa |
| 008 |
081027s2008 flua ob 001 0 eng d |
| 005 |
20250812150149.3 |
| 035 |
|
|
|a (OCoLC)on1260363877
|
| 040 |
|
|
|a SFB
|b eng
|c SFB
|d OCLCO
|d OCLCF
|d OCLCQ
|d SFB
|d INARC
|d OCLCQ
|d OCLCO
|d OCLCQ
|
| 020 |
|
|
|a 9780824725938
|q (alk. paper)
|
| 020 |
|
|
|a 082472593X
|q (alk. paper)
|
| 020 |
|
|
|a 9781420014778
|q (electronic bk.)
|
| 020 |
|
|
|a 1420014773
|q (electronic bk.)
|
| 020 |
|
|
|a 9786611144463
|
| 020 |
|
|
|a 6611144463
|
| 035 |
|
|
|a (OCoLC)1260363877
|
| 050 |
0 |
0 |
|a QH313.5.F67
|b N66 2008
|
| 060 |
|
4 |
|a 2009 L-394
|
| 060 |
|
4 |
|a QU 450
|b N812 2008
|
| 082 |
0 |
4 |
|a 614/.1
|2 22
|
| 049 |
|
|
|a TXAM
|
| 245 |
0 |
0 |
|a Nonhuman DNA typing
|b theory and casework applications /
|c edited by Heather Miller Coyle.
|
| 260 |
|
|
|a Boca Raton :
|b CRC Press/Taylor & Francis,
|c c2008.
|
| 300 |
|
|
|a 1 online resource (xx, 225 p. :
|b ill. (some col.) ;
|
| 336 |
|
|
|a text
|b txt
|2 rdacontent
|
| 337 |
|
|
|a computer
|b c
|2 rdamedia
|
| 338 |
|
|
|a online resource
|b cr
|2 rdacarrier
|
| 490 |
1 |
|
|a International forensic science and investigation series
|
| 504 |
|
|
|a Includes bibliographical references and index.
|
| 505 |
0 |
0 |
|t Introduction to forensic science and DNA /
|r Heather Miller Coyle --
|t Collection and preservation of biological evidence from the crime scene /
|r Henry C. Lee --
|t Techniques of DNA fingerprinting /
|r John Schienman --
|t Forensic canine STR analysis /
|r Burkhard Berger, Cordula Eichmann, Walther Parson --
|t STR based forensic analysis of felid samples from domestic and exotic cats /
|r Marilyn A. Menotti-Raymond, Victor A. David, Stephen J. O'Brien --
|t Overview of insect evidence in forensic science /
|r Heather Miller Coyle --
|t Use of forensic DNA typing in wildlife investigations /
|r Richard M. Jobin --
|t DNA testing of animal evidence : case examples and method development /
|r En-Uei Jiang, W. A. van Haeringen, L. H. P. van de Goor, Pero Dimsoski, Heather Miller Coyle --
|t Basics of forensic fungi /
|r Khudooma Said Al Na'imi --
|t Soil DNA typing in forensic science /
|r Jonathan Hill, Linda Strausbaugh, Joerg Graf --
|t DNA profiling : the ability to predict an image from a DNA profile /
|r Holly Long --
|t Appendix A: Brief history of forensic serology and DNA /
|r Peter Bilous.
|
| 520 |
3 |
|
|a [Publisher-supplied data] The association of a suspect with the victim or crime scene through DNA evidence is one of the most powerful statements of complicity in a crime imaginable. No category of evidence has ever had the complete capacity to convict or exonerate an accused so absolutely in the eyes of the public. With the discriminatory powers of DNA and the variety of DNA markers now in regular use, the one thing keeping a third of all cases unsolved is the lack of human DNA evidence. However, the identification of polymorphic genetic loci in cats, dogs, plants, insects, bacteria, and viruses can provide the critical link between suspect and scene in the absence of human DNA. Non-Human DNA Typing: Theory and Casework Applications provides an introduction to the basic science underlying the emerging field of non-human DNA typing. It examines the use of non-human DNA evidence not just in homicide cases, but also in drug trafficking, poaching of endangered species, livestock fraud, and missing persons, as well as the identification of primary and secondary crime scenes. The book demonstrates the recognition, collection, and preservation of biological evidence at a crime scene, techniques of DNA fingerprinting, and DNA profiling. Using a wide variety of examples, applications, and case studies, the author describes the STR analysis of canine and feline samples, insects, and fungi, and their role as evidence in forensic science. Chapters consider the development of testing methods for animal evidence, soil DNA typing, and the use of DNA typing in wildlife investigations. A useful appendix includes an overview of the history of forensic serology and DNA. Combining science, case examples, legal decisions, and references, Non-Human DNA Typing: Theory and Casework Applications presents the forensic and legal applications of non-human DNA evidence for scientists, law enforcement, and attorneys.
|
| 650 |
|
0 |
|a Forensic biology.
|
| 650 |
|
0 |
|a DNA fingerprinting.
|
| 650 |
|
0 |
|a Animal genetics.
|
| 650 |
1 |
2 |
|a DNA Fingerprinting
|x veterinary
|
| 650 |
|
2 |
|a DNA Fingerprinting
|
| 650 |
|
6 |
|a Biologie légale.
|
| 650 |
|
6 |
|a Empreintes génétiques.
|
| 650 |
|
6 |
|a Génétique animale.
|
| 650 |
|
7 |
|a Animal genetics
|2 fast
|
| 650 |
|
7 |
|a DNA fingerprinting
|2 fast
|
| 650 |
|
7 |
|a Forensic biology
|2 fast
|
| 655 |
|
7 |
|a Electronic books.
|2 local
|
| 700 |
1 |
|
|a Coyle, Heather Miller.
|
| 710 |
2 |
|
|a Taylor & Francis.
|
| 776 |
0 |
8 |
|i Print version:
|t Nonhuman DNA typing.
|d Boca Raton, FL : CRC Press, c2008
|z 9780824725938
|z 082472593X
|w (DLC) 2007008081
|
| 830 |
|
0 |
|a International forensic science and investigation series.
|
| 856 |
4 |
0 |
|u http://proxy.library.tamu.edu/login?url=https://www.taylorfrancis.com/books/9780429245589
|z Connect to the full text of this electronic book
|t 0
|
| 936 |
|
|
|a BATCHLOAD
|
| 955 |
|
|
|a Taylor and Francis FORENSICnetBASE / LAWENFORCEMENTnetBASE
|
| 994 |
|
|
|a 92
|b TXA
|
| 999 |
f |
f |
|s f249987e-5792-4b2e-a0ee-ea853d3e84cd
|i c60b2636-125d-40c6-94f7-01e26c174ccf
|t 0
|
| 952 |
f |
f |
|a Texas A&M University
|b College Station
|c Electronic Resources
|d Available Online
|t 0
|e QH313.5.F67 N66 2008
|h Library of Congress classification
|
| 998 |
f |
f |
|a QH313.5.F67 N66 2008
|t 0
|l Available Online
|